Воспитание русской классической литературы английским читателем: взгляд Вирджинии Вульф (к вопросу о диалоге культур); Коммуникативные аспекты языка и культуры

Podrobná bibliografie
Parent link:Коммуникативные аспекты языка и культуры.— 2003.— С. 234-237.
Hlavní autor: Кореневская О. В.
Jazyk:ruština
Vydáno: 2003
Témata:
Médium: Kapitola
KOHA link:https://koha.lib.tpu.ru/cgi-bin/koha/opac-detail.pl?biblionumber=102141

MARC

LEADER 00000naa2a2200000 4500
001 102141
005 20231031112845.0
035 |a (RuTPU)RU\TPU\book\110142 
090 |a 102141 
100 |a 20060920d2003 k y0rusy50 ca 
101 0 |a rus 
102 |a RU 
200 1 |a Воспитание русской классической литературы английским читателем: взгляд Вирджинии Вульф (к вопросу о диалоге культур)  |f О. В. Кореневская 
320 |a Библиогр.: 1 назв. 
463 0 |0 (RuTPU)RU\TPU\book\64057  |y 5-98298-046-3  |t Коммуникативные аспекты языка и культуры  |o III Всероссийская научно-практическая конференция студентов, аспирантов и молодых ученых, Томск, 15-16 мая 2003 г.  |o Сборник научных трудов  |f Томский политехнический университет; Институт языковой коммуникации  |v С. 234-237.  |d 2003  |p 249 с. 
600 1 |a Тургенев  |g Иван Сергеевич  |b И. С.  |f 1818-1883  |c русский писатель  |2 stltpui  |3 (RuTPU)RU\TPU\pers\1039 
600 1 |a Достоевский  |g Федор Михайлович  |f 1821-1881  |c русский писатель  |b Ф. М.  |2 stltpui  |3 (RuTPU)RU\TPU\pers\1038 
600 1 |a Вульф  |b В. 
600 1 |a Толстой  |g Лев Николаевич  |f 1829-1910  |c граф  |c русский писатель  |c член-корреспондент, почетный академик Петербургской АН  |b Л. Н.  |2 stltpui  |3 (RuTPU)RU\TPU\pers\497 
610 1 |a русская литература 
610 1 |a классическая литература 
610 1 |a восприятие 
610 1 |a англичане 
610 1 |a диалог культур 
610 1 |a английские писатели 
610 1 |a труды учёных ТПУ 
700 1 |a Кореневская  |b О. В. 
801 1 |a RU  |b 63413507  |c 20060920  |g PSBO 
801 2 |a RU  |b 63413507  |c 20080408  |g PSBO 
942 |c BK